[Event "DEM U14 2023"]
[Site "Willingen GER"]
[Date "2023.05.29"]
[Round "3"]
[White "Uyar, Levin"]
[Black "Neuhoff, Laertes"]
[Result "1/2-1/2"]
[Termination "normal"]
[Board "9"]
[WhiteElo "1700"]
[BlackElo "2109"]
[PlyCount "68"]
[WhiteFideId "16282108"]
[BlackFideId "16279719"]
[EventCountry "GER"]
[EventRounds "9"]
[EventType "swiss"]
[EventDate "2023.05.27"]

1. e4 {[%emt 17:15:17]} c5 2. Nf3 {[%emt 00:00:06]} Nc6 {[%emt 00:00:07]} 3. d4
{[%emt 00:00:03]} cxd4 {[%emt 00:00:06]} 4. Nxd4 {[%emt 00:00:06]} Nf6 {[%emt
00:00:12]} 5. Nc3 {[%emt 00:00:05]} e5 {[%emt 00:00:08]} 6. Ndb5 {[%emt
00:00:05]} d6 {[%emt 00:00:12]} 7. a4 {[%emt 00:00:17]} Be7 {[%emt 00:11:59]}
8. Bg5 {[%emt 00:07:14]} a6 {[%emt 00:07:22]} 9. Na3 {[%emt 00:00:48]} Be6
{[%emt 00:15:47]} 10. Nc4 {[%emt 00:13:36]} Bxc4 {[%emt 00:11:55]} 11. Bxc4
{[%emt 00:01:41]} O-O {[%emt 00:00:11]} 12. Bxf6 {[%emt 00:18:12]} Bxf6 {[%emt
00:00:08]} 13. Nd5 {[%emt 00:00:45]} Rc8 {[%emt 00:04:31]} 14. O-O {[%emt
00:14:58]} Bg5 {[%emt 00:08:07]} 15. c3 {[%emt 00:03:39]} Ne7 {[%emt 00:04:50]}
16. Qb3 {[%emt 00:06:41]} Nxd5 {[%emt 00:10:50]} 17. Bxd5 {[%emt 00:00:13]} Rb8
{[%emt 00:00:14]} 18. Rfd1 {[%emt 00:11:12]} Qc7 {[%emt 00:02:04]} 19. Rd3
{[%emt 00:04:11]} Be7 {[%emt 00:05:38]} 20. c4 {[%emt 00:01:14]} Bd8 {[%emt
00:02:59]} 21. Qb4 {[%emt 00:01:57]} b6 {[%emt 00:03:09]} 22. Rb3 {[%emt
00:01:34]} Be7 {[%emt 00:01:15]} 23. Qc3 {[%emt 00:02:16]} Qc5 {[%emt
00:02:29]} 24. g3 {[%emt 00:06:33]} g6 {[%emt 00:02:23]} 25. a5 {[%emt
00:02:46]} bxa5 {[%emt 00:01:38]} 26. Rxb8 {[%emt 00:00:10]} Rxb8 {[%emt
00:00:05]} 27. Rxa5 {[%emt 00:00:36]} Qb6 {[%emt 00:00:26]} 28. Qa3 {[%emt
00:00:29]} Qxb2 {[%emt 00:04:09]} 29. Qxb2 {[%emt 00:00:06]} Rxb2 {[%emt
00:00:04]} 30. Rxa6 {[%emt 00:00:04]} Kg7 {[%emt 00:00:55]} 31. Ra7 {[%emt
00:00:43]} Kf8 {[%emt 00:00:10]} 32. Ra8+ {[%emt 00:00:05]} Kg7 {[%emt
00:00:41]} 33. Ra7 {[%emt 00:00:04]} Kf8 {[%emt 00:00:25]} 34. Ra8+ {[%emt
00:00:09]} Kg7 {[%emt 00:01:03]} 1/2-1/2

[Event "DEM U14 2023"]
[Site "Willingen GER"]
[Date "2023.05.29"]
[Round "3"]
[White "Sauer, Tim"]
[Black "Steger, Lukas Daniel"]
[Result "1-0"]
[Termination "normal"]
[Board "10"]
[WhiteElo "2093"]
[BlackElo "1732"]
[WhiteClock "00:26:18"]
[BlackClock "00:32:24"]
[PlyCount "103"]
[WhiteFideId "16265726"]
[BlackFideId "3335151"]
[EventCountry "GER"]
[EventRounds "9"]
[EventType "swiss"]
[EventDate "2023.05.27"]

1. Nf3 {[%clk 01:30:57]} {[%emt 00:00:02]} Nf6 {[%clk 01:30:54]} {[%emt
00:00:06]} 2. c4 {[%clk 01:31:19]} {[%emt 00:00:09]} g6 {[%clk 01:31:19]}
{[%emt 00:00:04]} 3. Nc3 {[%clk 01:31:36]} {[%emt 00:00:13]} Bg7 {[%clk
01:31:45]} {[%emt 00:00:04]} 4. g3 {[%clk 01:31:39]} {[%emt 00:00:27]} d6
{[%clk 01:31:42]} {[%emt 00:00:32]} 5. Bg2 {[%clk 01:32:03]} {[%emt 00:00:06]}
O-O {[%clk 01:31:56]} {[%emt 00:00:17]} 6. O-O {[%clk 01:32:28]} {[%emt
00:00:05]} Nc6 {[%clk 01:31:47]} {[%emt 00:00:40]} 7. Rb1 {[%clk 01:31:21]}
{[%emt 00:01:37]} a5 {[%clk 01:29:58]} {[%emt 00:02:18]} 8. a3 {[%clk
01:31:31]} {[%emt 00:00:20]} e5 {[%clk 01:30:00]} {[%emt 00:00:28]} 9. b4
{[%clk 01:29:11]} {[%emt 00:02:50]} axb4 {[%clk 01:28:58]} {[%emt 00:01:32]}
10. axb4 {[%clk 01:27:07]} {[%emt 00:02:34]} Nd4 {[%clk 01:26:53]} {[%emt
00:02:35]} 11. e3 {[%clk 01:11:04]} {[%emt 00:16:33]} Ne6 {[%clk 01:26:09]}
{[%emt 00:01:14]} 12. d4 {[%clk 01:09:08]} {[%emt 00:02:26]} e4 {[%clk
01:12:17]} {[%emt 00:14:22]} 13. Nd2 {[%clk 01:08:25]} {[%emt 00:01:13]} Ng5
{[%clk 01:12:10]} {[%emt 00:00:37]} 14. Qc2 {[%clk 00:50:44]} {[%emt 00:18:11]}
Bf5 {[%clk 01:10:10]} {[%emt 00:02:30]} 15. h4 {[%clk 00:41:22]} {[%emt
00:09:51]} Nf3+ {[%clk 01:07:29]} {[%emt 00:03:11]} 16. Bxf3 {[%clk 00:34:40]}
{[%emt 00:07:13]} exf3 {[%clk 01:07:49]} {[%emt 00:00:10]} 17. e4 {[%clk
00:35:06]} {[%emt 00:00:04]} Bh3 {[%clk 01:07:48]} {[%emt 00:00:31]} 18. Re1
{[%clk 00:26:47]} {[%emt 00:08:48]} Bg2 {[%clk 01:05:57]} {[%emt 00:02:21]} 19.
Qd1 {[%clk 00:26:08]} {[%emt 00:01:09]} Qd7 {[%clk 01:02:39]} {[%emt 00:03:49]}
20. Nxf3 {[%clk 00:26:32]} {[%emt 00:00:06]} Qh3 {[%clk 01:00:17]} {[%emt
00:02:52]} 21. Nh2 {[%clk 00:26:50]} {[%emt 00:00:11]} c5 {[%clk 00:30:22]}
{[%emt 00:30:25]} 22. bxc5 {[%clk 00:04:11]} {[%emt 00:23:10]} dxc5 {[%clk
00:30:29]} {[%emt 00:00:22]} 23. dxc5 {[%clk 00:04:21]} {[%emt 00:00:20]} h5
{[%clk 00:24:02]} {[%emt 00:06:58]} 24. Nd5 {[%clk 00:03:36]} {[%emt 00:01:15]}
Rfd8 {[%clk 00:14:32]} {[%emt 00:10:00]} 25. Nxf6+ {[%clk 00:02:47]} {[%emt
00:01:19]} Bxf6 {[%clk 00:14:51]} {[%emt 00:00:11]} 26. Qc2 {[%clk 00:02:26]}
{[%emt 00:00:51]} Re8 {[%clk 00:08:13]} {[%emt 00:07:08]} 27. Bf4 {[%clk
00:01:00]} {[%emt 00:01:55]} Ra3 {[%clk 00:06:58]} {[%emt 00:01:46]} 28. Rbd1
{[%clk 00:00:41]} {[%emt 00:00:48]} Rc3 {[%clk 00:06:58]} {[%emt 00:00:31]} 29.
Qb1 {[%clk 00:00:58]} {[%emt 00:00:13]} Rxc4 {[%clk 00:06:45]} {[%emt
00:00:43]} 30. f3 {[%clk 00:00:46]} {[%emt 00:00:43]} Be7 {[%clk 00:04:50]}
{[%emt 00:02:24]} 31. Qa2 {[%clk 00:00:36]} {[%emt 00:00:39]} Bxc5+ {[%clk
00:04:46]} {[%emt 00:00:34]} 32. Be3 {[%clk 00:01:02]} {[%emt 00:00:05]} Rc3
{[%clk 00:02:22]} {[%emt 00:02:55]} 33. Bxc5 {[%clk 00:00:59]} {[%emt
00:00:32]} Bxf3 {[%clk 00:02:20]} {[%emt 00:00:32]} 34. Nxf3 {[%clk 00:00:54]}
{[%emt 00:00:34]} Rxf3 {[%clk 00:02:29]} {[%emt 00:00:22]} 35. Bd6 {[%clk
00:00:42]} {[%emt 00:00:42]} Rd8 {[%clk 00:02:12]} {[%emt 00:00:46]} 36. Qg2
{[%clk 00:00:40]} {[%emt 00:00:33]} Qg4 {[%clk 00:02:22]} {[%emt 00:00:20]} 37.
Bc7 {[%clk 00:00:36]} {[%emt 00:00:34]} Rc8 {[%clk 00:02:19]} {[%emt 00:00:33]}
38. Be5 {[%clk 00:00:59]} {[%emt 00:00:06]} f6 {[%clk 00:01:58]} {[%emt
00:00:52]} 39. Bf4 {[%clk 00:00:40]} {[%emt 00:00:49]} Rcc3 {[%clk 00:02:04]}
{[%emt 00:00:24]} 40. Rd8+ {[%clk 00:00:43]} {[%emt 00:00:28]} Kh7 {[%clk
00:01:50]} {[%emt 00:00:43]} 41. Red1 {[%clk 00:28:34]} {[%emt 00:02:39]} g5
{[%clk 00:30:15]} {[%emt 00:02:05]} 42. R1d7+ {[%clk 00:27:17]} {[%emt
00:01:47]} Kh6 {[%clk 00:30:15]} {[%emt 00:00:30]} 43. Rh8+ {[%clk 00:26:56]}
{[%emt 00:00:50]} Kg6 {[%clk 00:30:38]} {[%emt 00:00:07]} 44. Rg8+ {[%clk
00:27:18]} {[%emt 00:00:08]} Kh6 {[%clk 00:31:02]} {[%emt 00:00:06]} 45. hxg5+
{[%clk 00:27:04]} {[%emt 00:00:44]} fxg5 {[%clk 00:31:24]} {[%emt 00:00:09]}
46. Bxg5+ {[%clk 00:27:28]} {[%emt 00:00:05]} Qxg5 {[%clk 00:31:46]} {[%emt
00:00:08]} 47. Rd6+ {[%clk 00:24:49]} {[%emt 00:03:09]} Rf6 {[%clk 00:31:19]}
{[%emt 00:00:58]} 48. Rxg5 {[%clk 00:25:08]} {[%emt 00:00:10]} Rxd6 {[%clk
00:31:32]} {[%emt 00:00:17]} 49. Rd5 {[%clk 00:25:18]} {[%emt 00:00:20]} Rdc6
{[%clk 00:31:54]} {[%emt 00:00:08]} 50. Qd2+ {[%clk 00:25:42]} {[%emt
00:00:06]} Kg7 {[%clk 00:32:09]} {[%emt 00:00:15]} 51. Rd7+ {[%clk 00:25:58]}
{[%emt 00:00:15]} Kf8 {[%clk 00:32:24]} {[%emt 00:00:15]} 52. Qf4+ {[%clk
00:26:18]} {[%emt 00:00:09]} 1-0

[Event "DEM U14 2023"]
[Site "Willingen GER"]
[Date "2023.05.29"]
[Round "3"]
[White "Zomartova, Ilya"]
[Black "Haubold, Sebastian Marcel"]
[Result "1/2-1/2"]
[Termination "normal"]
[Board "11"]
[WhiteElo "1672"]
[BlackElo "2092"]
[WhiteClock "00:08:07"]
[BlackClock "00:03:38"]
[PlyCount "125"]
[WhiteFideId "13630946"]
[BlackFideId "16259637"]
[EventCountry "GER"]
[EventRounds "9"]
[EventType "swiss"]
[EventDate "2023.05.27"]

1. d4 {[%clk 01:30:56]} {[%emt 00:00:02]} Nf6 {[%clk 01:30:42]} {[%emt
00:00:19]} 2. c4 {[%clk 01:28:48]} {[%emt 00:02:38]} g6 {[%clk 01:31:00]}
{[%emt 00:00:12]} 3. Nc3 {[%clk 01:28:54]} {[%emt 00:00:24]} Bg7 {[%clk
01:31:23]} {[%emt 00:00:07]} 4. Nf3 {[%clk 01:29:16]} {[%emt 00:00:08]} O-O
{[%clk 01:31:44]} {[%emt 00:00:09]} 5. Bg5 {[%clk 01:29:33]} {[%emt 00:00:12]}
d6 {[%clk 01:28:34]} {[%emt 00:03:41]} 6. e3 {[%clk 01:29:29]} {[%emt
00:00:33]} Nbd7 {[%clk 01:25:38]} {[%emt 00:03:27]} 7. Be2 {[%clk 01:28:34]}
{[%emt 00:01:21]} c6 {[%clk 01:24:36]} {[%emt 00:01:36]} 8. O-O {[%clk
01:28:37]} {[%emt 00:00:27]} Qc7 {[%clk 01:23:45]} {[%emt 00:01:21]} 9. Rc1
{[%clk 01:23:58]} {[%emt 00:05:08]} h6 {[%clk 01:11:23]} {[%emt 00:12:53]} 10.
Bh4 {[%clk 01:23:42]} {[%emt 00:00:45]} g5 {[%clk 01:05:36]} {[%emt 00:06:18]}
11. Bg3 {[%clk 01:23:23]} {[%emt 00:00:48]} Nh5 {[%clk 01:05:25]} {[%emt
00:00:41]} 12. Qc2 {[%clk 01:20:36]} {[%emt 00:03:18]} Nxg3 {[%clk 01:01:31]}
{[%emt 00:04:24]} 13. fxg3 {[%clk 01:20:33]} {[%emt 00:00:32]} Nf6 {[%clk
00:55:58]} {[%emt 00:06:04]} 14. Bd3 {[%clk 01:17:21]} {[%emt 00:03:42]} e5
{[%clk 00:48:11]} {[%emt 00:08:16]} 15. Rce1 {[%clk 01:15:26]} {[%emt
00:02:26]} Be6 {[%clk 00:44:23]} {[%emt 00:04:19]} 16. Nd2 {[%clk 01:11:09]}
{[%emt 00:04:46]} Rae8 {[%clk 00:33:36]} {[%emt 00:11:17]} 17. Nb3 {[%clk
00:56:38]} {[%emt 00:15:01]} a6 {[%clk 00:21:42]} {[%emt 00:12:24]} 18. a4
{[%clk 00:46:07]} {[%emt 00:11:01]} Rb8 {[%clk 00:17:58]} {[%emt 00:04:14]} 19.
Nb1 {[%clk 00:23:33]} {[%emt 00:23:04]} e4 {[%clk 00:14:57]} {[%emt 00:03:31]}
20. Be2 {[%clk 00:23:14]} {[%emt 00:00:48]} Qb6 {[%clk 00:13:24]} {[%emt
00:02:03]} 21. N3d2 {[%clk 00:20:21]} {[%emt 00:03:23]} d5 {[%clk 00:12:59]}
{[%emt 00:00:56]} 22. Kh1 {[%clk 00:19:47]} {[%emt 00:01:04]} Rfc8 {[%clk
00:11:32]} {[%emt 00:01:57]} 23. c5 {[%clk 00:19:29]} {[%emt 00:00:48]} Qd8
{[%clk 00:11:21]} {[%emt 00:00:41]} 24. b4 {[%clk 00:19:13]} {[%emt 00:00:46]}
Qd7 {[%clk 00:09:52]} {[%emt 00:01:59]} 25. Na3 {[%clk 00:19:05]} {[%emt
00:00:37]} Bg4 {[%clk 00:09:31]} {[%emt 00:00:51]} 26. Nb3 {[%clk 00:17:00]}
{[%emt 00:02:35]} Bxe2 {[%clk 00:08:34]} {[%emt 00:01:27]} 27. Qxe2 {[%clk
00:17:18]} {[%emt 00:00:12]} Ne8 {[%clk 00:07:27]} {[%emt 00:01:37]} 28. Rf2
{[%clk 00:17:07]} {[%emt 00:00:42]} Nc7 {[%clk 00:07:42]} {[%emt 00:00:15]} 29.
Ref1 {[%clk 00:17:04]} {[%emt 00:00:33]} Rf8 {[%clk 00:08:00]} {[%emt
00:00:11]} 30. g4 {[%clk 00:16:36]} {[%emt 00:00:58]} Qe7 {[%clk 00:07:32]}
{[%emt 00:00:59]} 31. Nc1 {[%clk 00:15:51]} {[%emt 00:01:15]} b6 {[%clk
00:06:36]} {[%emt 00:01:26]} 32. Qd2 {[%clk 00:14:41]} {[%emt 00:01:40]} bxc5
{[%clk 00:06:48]} {[%emt 00:00:18]} 33. bxc5 {[%clk 00:14:35]} {[%emt
00:00:36]} Ne6 {[%clk 00:05:42]} {[%emt 00:01:36]} 34. Ne2 {[%clk 00:14:14]}
{[%emt 00:00:51]} Rb3 {[%clk 00:05:20]} {[%emt 00:00:50]} 35. Nc2 {[%clk
00:14:05]} {[%emt 00:00:41]} Qb7 {[%clk 00:04:20]} {[%emt 00:01:31]} 36. Ng3
{[%clk 00:13:54]} {[%emt 00:00:40]} Rb1 {[%clk 00:03:44]} {[%emt 00:01:06]} 37.
Qe2 {[%clk 00:13:17]} {[%emt 00:01:08]} a5 {[%clk 00:02:06]} {[%emt 00:02:08]}
38. Nf5 {[%clk 00:13:28]} {[%emt 00:00:18]} Rxf1+ {[%clk 00:01:50]} {[%emt
00:00:46]} 39. Qxf1 {[%clk 00:13:28]} {[%emt 00:00:29]} Qd7 {[%clk 00:01:37]}
{[%emt 00:00:43]} 40. Nd6 {[%clk 00:13:10]} {[%emt 00:00:50]} Nd8 {[%clk
00:01:42]} {[%emt 00:00:25]} 41. h3 {[%clk 00:13:15]} {[%emt 00:00:25]} Nb7
{[%clk 00:25:19]} {[%emt 00:06:53]} 42. Nf5 {[%clk 00:42:46]} {[%emt 00:00:58]}
Rb8 {[%clk 00:19:54]} {[%emt 00:05:55]} 43. Qa6 {[%clk 00:40:14]} {[%emt
00:02:59]} Qc7 {[%clk 00:18:23]} {[%emt 00:02:04]} 44. Qa7 {[%clk 00:39:50]}
{[%emt 00:00:50]} Rc8 {[%clk 00:18:22]} {[%emt 00:00:36]} 45. Na3 {[%clk
00:37:59]} {[%emt 00:02:20]} Kh7 {[%clk 00:06:46]} {[%emt 00:12:05]} 46. Rb2
{[%clk 00:35:41]} {[%emt 00:02:48]} Nd8 {[%clk 00:07:11]} {[%emt 00:00:06]} 47.
Qa6 {[%clk 00:34:28]} {[%emt 00:01:37]} Bf6 {[%clk 00:06:27]} {[%emt 00:01:20]}
48. Rb6 {[%clk 00:32:23]} {[%emt 00:02:34]} Rb8 {[%clk 00:04:10]} {[%emt
00:02:47]} 49. Qxa5 {[%clk 00:31:22]} {[%emt 00:01:32]} Ne6 {[%clk 00:02:01]}
{[%emt 00:02:39]} 50. Qb4 {[%clk 00:30:23]} {[%emt 00:01:27]} Ra8 {[%clk
00:01:47]} {[%emt 00:00:46]} 51. a5 {[%clk 00:28:50]} {[%emt 00:02:03]} Ng7 52.
Nxg7 {[%clk 00:26:06]} Kxg7 {[%clk 00:01:53]} {[%emt 00:00:16]} 53. a6 {[%clk
00:25:53]} {[%emt 00:00:43]} Qg3 {[%clk 00:01:45]} {[%emt 00:00:38]} 54. Qd2
{[%clk 00:16:06]} {[%emt 00:10:17]} Bd8 {[%clk 00:01:40]} {[%emt 00:00:35]} 55.
Rxc6 {[%clk 00:15:26]} {[%emt 00:01:09]} Bc7 {[%clk 00:02:10]} 56. Kg1 {[%clk
00:13:01]} {[%emt 00:02:55]} Qh2+ {[%clk 00:01:59]} {[%emt 00:00:41]} 57. Kf1
{[%clk 00:13:22]} {[%emt 00:00:09]} Bg3 {[%clk 00:02:22]} {[%emt 00:00:07]} 58.
Rb6 {[%clk 00:08:10]} {[%emt 00:05:41]} Qh1+ {[%clk 00:02:47]} {[%emt
00:00:05]} 59. Ke2 {[%clk 00:08:20]} {[%emt 00:00:20]} Qxg2+ {[%clk 00:03:05]}
{[%emt 00:00:12]} 60. Kd1 {[%clk 00:08:29]} {[%emt 00:00:21]} Qf1+ {[%clk
00:03:22]} {[%emt 00:00:12]} 61. Kc2 {[%clk 00:08:07]} {[%emt 00:00:54]} Rxa6
{[%clk 00:03:38]} {[%emt 00:00:14]} 62. Rxa6 {[%emt 00:00:31]} Qxa6 {[%emt
00:01:51]} 63. Kb2 {[%emt 00:00:01]} 1/2-1/2

[Event "DEM U14 2023"]
[Site "Willingen GER"]
[Date "2023.05.29"]
[Round "3"]
[White "Dordevic, Tom"]
[Black "Nönnig, Jakob"]
[Result "1/2-1/2"]
[Termination "normal"]
[Board "12"]
[WhiteElo "2068"]
[BlackElo "1736"]
[WhiteClock "00:05:36"]
[BlackClock "00:04:49"]
[PlyCount "132"]
[WhiteFideId "16260503"]
[BlackFideId "16289447"]
[EventCountry "GER"]
[EventRounds "9"]
[EventType "swiss"]
[EventDate "2023.05.27"]

1. Nf3 {[%clk 01:30:59]} {[%emt 00:07:05]} d5 {[%clk 01:30:51]} {[%emt
00:00:09]} 2. d4 {[%clk 01:31:25]} {[%emt 00:00:05]} Nf6 {[%clk 01:31:15]}
{[%emt 00:00:05]} 3. c4 {[%clk 01:31:51]} {[%emt 00:00:05]} e6 {[%clk
01:31:39]} {[%emt 00:00:06]} 4. g3 {[%clk 01:32:17]} {[%emt 00:00:04]} Be7
{[%clk 01:32:03]} {[%emt 00:00:05]} 5. Bg2 {[%clk 01:32:44]} {[%emt 00:00:04]}
O-O {[%clk 01:32:24]} {[%emt 00:00:09]} 6. O-O {[%clk 01:33:10]} {[%emt
00:00:04]} a5 {[%clk 01:32:38]} {[%emt 00:00:17]} 7. Bf4 {[%clk 01:30:59]}
{[%emt 00:02:41]} c6 {[%clk 01:30:53]} {[%emt 00:02:14]} 8. Qc2 {[%clk
01:30:45]} {[%emt 00:00:44]} Nbd7 {[%clk 01:28:18]} {[%emt 00:03:04]} 9. Nbd2
{[%clk 01:29:33]} {[%emt 00:01:42]} Nh5 {[%clk 01:05:21]} {[%emt 00:23:27]} 10.
Rfd1 {[%clk 01:22:06]} {[%emt 00:07:57]} Nxf4 {[%clk 01:04:37]} {[%emt
00:01:14]} 11. gxf4 {[%clk 01:22:35]} b6 {[%clk 01:03:54]} {[%emt 00:01:13]}
12. Rac1 {[%clk 01:21:50]} {[%emt 00:01:15]} Bb7 {[%clk 00:53:02]} {[%emt
00:11:22]} 13. Nf1 {[%clk 01:16:40]} {[%emt 00:05:40]} Bd6 {[%clk 00:46:39]}
{[%emt 00:06:54]} 14. e3 {[%clk 01:15:09]} {[%emt 00:02:00]} Rc8 {[%clk
00:43:58]} {[%emt 00:03:11]} 15. Ng3 {[%clk 01:06:43]} {[%emt 00:08:56]} f5
{[%clk 00:42:50]} {[%emt 00:01:39]} 16. Ne5 {[%clk 00:54:22]} {[%emt 00:12:50]}
Bxe5 {[%clk 00:38:44]} {[%emt 00:04:37]} 17. fxe5 {[%clk 00:53:39]} {[%emt
00:01:12]} f4 {[%clk 00:36:49]} {[%emt 00:02:25]} 18. exf4 {[%clk 00:52:47]}
{[%emt 00:01:23]} Rxf4 {[%clk 00:37:13]} {[%emt 00:00:06]} 19. Qd2 {[%clk
00:46:01]} {[%emt 00:07:16]} Rf8 {[%clk 00:34:44]} {[%emt 00:02:58]} 20. cxd5
{[%clk 00:38:29]} {[%emt 00:08:03]} cxd5 {[%clk 00:34:57]} {[%emt 00:00:17]}
21. Rxc8 {[%clk 00:37:14]} {[%emt 00:01:45]} Bxc8 {[%clk 00:35:08]} {[%emt
00:00:19]} 22. Rc1 {[%clk 00:35:15]} {[%emt 00:02:28]} Nb8 {[%clk 00:25:51]}
{[%emt 00:09:47]} 23. Rc3 {[%clk 00:28:55]} {[%emt 00:06:50]} Bd7 {[%clk
00:22:40]} {[%emt 00:03:40]} 24. Bf1 {[%clk 00:20:03]} {[%emt 00:09:23]} Qh4
{[%clk 00:15:59]} {[%emt 00:07:11]} 25. Qe3 {[%clk 00:16:32]} {[%emt 00:04:01]}
Bc6 {[%clk 00:15:06]} {[%emt 00:01:23]} 26. Rb3 {[%clk 00:15:46]} {[%emt
00:01:17]} Nd7 {[%clk 00:13:09]} {[%emt 00:02:26]} 27. Rc3 {[%clk 00:16:06]}
{[%emt 00:00:10]} Nb8 {[%clk 00:13:35]} {[%emt 00:00:04]} 28. b4 {[%clk
00:14:33]} {[%emt 00:02:03]} axb4 {[%clk 00:12:36]} {[%emt 00:01:30]} 29. Rb3
{[%clk 00:14:57]} {[%emt 00:00:06]} Qe7 {[%clk 00:12:35]} {[%emt 00:00:30]} 30.
Qd2 {[%clk 00:14:58]} {[%emt 00:00:29]} Nd7 {[%clk 00:11:26]} {[%emt 00:01:38]}
31. Rxb4 {[%clk 00:14:36]} {[%emt 00:00:53]} Ra8 {[%clk 00:11:34]} {[%emt
00:00:22]} 32. Rb3 {[%emt 00:01:51]} Ra3 {[%clk 00:08:35]} {[%emt 00:02:22]}
33. Qc3 {[%clk 00:13:09]} {[%emt 00:01:43]} Rxb3 {[%clk 00:08:28]} {[%emt
00:00:37]} 34. axb3 {[%clk 00:13:31]} {[%emt 00:00:08]} Nb8 {[%clk 00:08:38]}
{[%emt 00:00:20]} 35. b4 {[%clk 00:13:35]} {[%emt 00:00:27]} Qb7 {[%clk
00:07:40]} {[%emt 00:01:26]} 36. b5 {[%clk 00:13:21]} {[%emt 00:00:45]} Be8
{[%clk 00:07:30]} {[%emt 00:00:39]} 37. Bd3 {[%clk 00:11:19]} {[%emt 00:02:33]}
h6 {[%clk 00:05:12]} {[%emt 00:02:48]} 38. Ne2 {[%clk 00:10:47]} {[%emt
00:01:02]} Qf7 {[%clk 00:04:31]} {[%emt 00:01:10]} 39. Ng3 {[%clk 00:10:04]}
{[%emt 00:01:13]} Nd7 {[%clk 00:03:58]} {[%emt 00:01:04]} 40. Be2 {[%clk
00:07:44]} {[%emt 00:02:50]} g6 {[%clk 00:01:47]} {[%emt 00:02:41]} 41. Qc1
{[%clk 00:04:36]} {[%emt 00:03:38]} Kg7 {[%clk 00:29:54]} {[%emt 00:02:24]} 42.
h4 {[%clk 00:33:39]} {[%emt 00:01:27]} Qe7 {[%clk 00:24:34]} {[%emt 00:05:49]}
43. Qf4 {[%clk 00:30:57]} {[%emt 00:03:11]} Nf8 {[%clk 00:13:15]} {[%emt
00:11:50]} 44. Bd3 {[%clk 00:12:29]} {[%emt 00:18:58]} g5 {[%clk 00:09:13]}
{[%emt 00:04:33]} 45. Qg4 {[%clk 00:09:28]} {[%emt 00:03:30]} Kh8 {[%clk
00:09:11]} {[%emt 00:00:32]} 46. h5 {[%clk 00:08:23]} {[%emt 00:01:36]} Qf7
{[%clk 00:09:05]} {[%emt 00:00:35]} 47. Be2 {[%clk 00:07:51]} {[%emt 00:01:01]}
Qf4 {[%emt 00:03:48]} 48. Qxf4 {[%clk 00:05:44]} {[%emt 00:02:35]} gxf4 {[%clk
00:06:19]} {[%emt 00:00:01]} 49. Nf1 {[%clk 00:06:05]} {[%emt 00:00:10]} Nh7
{[%clk 00:06:37]} {[%emt 00:00:11]} 50. Nd2 {[%clk 00:05:15]} {[%emt 00:01:20]}
Ng5 {[%clk 00:06:45]} {[%emt 00:00:22]} 51. Kg2 {[%clk 00:04:15]} {[%emt
00:01:30]} f3+ {[%clk 00:04:22]} {[%emt 00:02:52]} 52. Nxf3 {[%clk 00:04:32]}
{[%emt 00:00:14]} Nxf3 {[%clk 00:04:48]} {[%emt 00:00:04]} 53. Bxf3 {[%clk
00:04:54]} {[%emt 00:00:07]} Bxb5 {[%clk 00:05:14]} {[%emt 00:00:04]} 54. Bg4
{[%clk 00:04:29]} {[%emt 00:00:56]} Bd7 {[%clk 00:05:38]} {[%emt 00:00:06]} 55.
Kf3 {[%clk 00:04:54]} {[%emt 00:00:05]} Kg7 {[%clk 00:05:56]} {[%emt 00:00:12]}
56. Ke3 {[%clk 00:05:06]} {[%emt 00:00:18]} Kf7 {[%clk 00:06:02]} {[%emt
00:00:23]} 57. Kd3 {[%clk 00:05:29]} {[%emt 00:00:08]} Ke7 {[%clk 00:05:54]}
{[%emt 00:00:37]} 58. Kc3 {[%clk 00:05:52]} {[%emt 00:00:08]} Kd8 {[%clk
00:05:45]} {[%emt 00:00:38]} 59. Kb4 {[%clk 00:06:02]} {[%emt 00:00:21]} Ke7
{[%clk 00:04:33]} {[%emt 00:01:41]} 60. f4 {[%clk 00:05:52]} {[%emt 00:00:40]}
Kd8 {[%clk 00:04:33]} {[%emt 00:00:30]} 61. Be2 {[%clk 00:05:02]} {[%emt
00:01:21]} Be8 {[%clk 00:04:35]} {[%emt 00:00:27]} 62. Bf3 {[%clk 00:05:16]}
{[%emt 00:00:17]} Kc7 {[%clk 00:03:43]} {[%emt 00:01:22]} 63. Bg4 {[%clk
00:05:31]} {[%emt 00:00:15]} Bd7 {[%clk 00:04:00]} {[%emt 00:00:13]} 64. Be2
{[%clk 00:05:30]} {[%emt 00:00:30]} Be8 {[%clk 00:04:14]} {[%emt 00:00:16]} 65.
Bg4 {[%clk 00:05:38]} {[%emt 00:00:22]} Bd7 {[%clk 00:04:34]} {[%emt 00:00:10]}
66. Be2 {[%clk 00:05:36]} {[%emt 00:00:33]} Be8 {[%clk 00:04:49]} {[%emt
00:00:14]} 1/2-1/2